Nhị thập tứ hiếu /

में बचाया:
ग्रंथसूची विवरण
मुख्य लेखक: Quách Cư Nghiệp
अन्य लेखक: Lý Văn Phức
स्वरूप: Sách giấy
भाषा:Vietnamese
प्रकाशित: TP.HCM : Văn nghệ, 1996
विषय:
टैग : टैग जोड़ें
कोई टैग नहीं, इस रिकॉर्ड को टैग करने वाले पहले व्यक्ति बनें!
Thư viện lưu trữ: Thư viện Trường Đại học Đà Lạt
LEADER 00712nam a2200289 4500
001 DLU020010233
005 ##11/17/1999
041 # # |a vie 
082 # # |a 895.11  |b QU-N 
090 # # |a 895.11  |b QU-N 
100 # # |a Quách Cư Nghiệp 
245 # # |a Nhị thập tứ hiếu /  |c Quách Cư Nghiệp, Lý Văn Phức 
260 # # |a TP.HCM :  |b Văn nghệ,  |c 1996 
300 # # |a 169 tr.;   |c 19 cm. 
653 # # |a Thơ chữ Hán 
653 # # |a Văn học cổ 
653 # # |a Văn học Trung Quốc 
700 # # |a Lý Văn Phức 
992 # # |a 14000 
994 # # |a DLU 
900 # # |a False 
911 # # |a Administrator 
925 # # |a G 
926 # # |a A 
927 # # |a SH 
980 # # |a Thư viện Trường Đại học Đà Lạt